ბათუმის შოთა რუსთაველის სახელმწიფო უნივერსიტეტის ბიბლიოთეკა

ვახტანგ VI-ის სტამბის გამოცემები (1709-1722). საქართველოს პარლამენტის ეროვნული ბიბლიოთეკის კოლექციის აღწერილობა (ბიბ.ჩანაწერი № 52561)

000 -LEADER
fixed length control field 01417nam a2200253Ia 4500
001 - CONTROL NUMBER
control field 19585
003 - CONTROL NUMBER IDENTIFIER
control field GE_BSU
008 - FIXED-LENGTH DATA ELEMENTS--GENERAL INFORMATION
fixed length control field 181216s||||||||xx |||||||||||||| ||und||
020 ## - INTERNATIONAL STANDARD BOOK NUMBER
International Standard Book Number 9789941018039
040 ## - CATALOGING SOURCE
Transcribing agency GE_BSU
080 ## - UNIVERSAL DECIMAL CLASSIFICATION NUMBER
Universal Decimal Classification number 017.1(479.22)+017.1
245 ## - TITLE STATEMENT
Title ვახტანგ VI-ის სტამბის გამოცემები (1709-1722). საქართველოს პარლამენტის ეროვნული ბიბლიოთეკის კოლექციის აღწერილობა
245 ## - TITLE STATEMENT
Statement of responsibility, etc. შემდგ. დალი მაჩაიძე. რედ. მიხეილ ქავთარია. ფერიდე კვაჭანტირაძე
260 ## - PUBLICATION, DISTRIBUTION, ETC.
Place of publication, distribution, etc. თბილისი
260 ## - PUBLICATION, DISTRIBUTION, ETC.
Name of publisher, distributor, etc. ინტელექტი
260 ## - PUBLICATION, DISTRIBUTION, ETC.
Date of publication, distribution, etc. 2009
300 ## - PHYSICAL DESCRIPTION
Extent 165გვ.ილ.
300 ## - PHYSICAL DESCRIPTION
Accompanying material სახელთა საძიებელი: გვ. 136-139 - დანართი: გვ. 141-164
653 ## - INDEX TERM--UNCONTROLLED
Uncontrolled term ბიბლიოთეკარი
653 ## - INDEX TERM--UNCONTROLLED
Uncontrolled term ვახტანგ VI-ის სტამბის გამოცემები (1709-1722). საქართველოს პარლამენტის ეროვნული ბიბლიოთეკის კოლექციის აღწერილობა
653 ## - INDEX TERM--UNCONTROLLED
Uncontrolled term ქსეროქსი
942 ## - ADDED ENTRY ELEMENTS (KOHA)
Koha item type წიგნი
ეგზემპლარები
Withdrawn status Lost status Damaged status Not for loan Date acquired Barcode Date last seen Price effective from Koha item type Public note
        2018-12-17 00392 ქსეროქსი 2018-12-17 2018-12-17 წიგნი ქსეროქსი